<?xml version="1.0" encoding="UTF-8"?>
<collection xmlns="http://www.loc.gov/MARC21/slim">
 <record>
  <leader>01127pamaa2200229   4500</leader>
  <controlfield tag="001">0000050433</controlfield>
  <controlfield tag="005">20151221090000.0</controlfield>
  <controlfield tag="008">120814s2012                             eng  </controlfield>
  <datafield tag="020" ind1="0" ind2="0">
   <subfield code="a">9781935543176 (pbk.) </subfield>
  </datafield>
  <datafield tag="090" ind1="0" ind2="0">
   <subfield code="a">LB1731 </subfield>
   <subfield code="b">NUS 2012</subfield>
  </datafield>
  <datafield tag="100" ind1="1" ind2="0">
   <subfield code="a">Nussbaum-Beach, </subfield>
   <subfield code="c">Sheryl. </subfield>
  </datafield>
  <datafield tag="245" ind1="1" ind2="4">
   <subfield code="a">The connected educator : </subfield>
   <subfield code="b">learning and leading in a digital age  </subfield>
   <subfield code="c">Sheryl Nussbaum-Beach, Lani Ritter Hall.</subfield>
  </datafield>
  <datafield tag="260" ind1="0" ind2="0">
   <subfield code="a">Bloomington, IN: </subfield>
   <subfield code="b">Solution Tree Press, </subfield>
   <subfield code="c">2012.</subfield>
  </datafield>
  <datafield tag="300" ind1=" " ind2=" ">
   <subfield code="a">xiv, 192 p.: </subfield>
   <subfield code="b">ill.; </subfield>
   <subfield code="c">26 cm.</subfield>
  </datafield>
  <datafield tag="501" ind1="0" ind2="0">
   <subfield code="a">SLC</subfield>
  </datafield>
  <datafield tag="504" ind1="0" ind2="0">
   <subfield code="a">Includes bibliographical references (p. 169-186) and index</subfield>
  </datafield>
  <datafield tag="505" ind1="0" ind2="0">
   <subfield code="a">The connected educator -- Developing a connected learning model -- Learning to learn -- Building a collaborative culture -- Using tools to support connected learning -- Building your connected learning community -- Sustaining the momentum -- Transforming leadership for a connected world -- What the future holds</subfield>
  </datafield>
  <datafield tag="650" ind1="0" ind2="0">
   <subfield code="a">Digital communications </subfield>
  </datafield>
  <datafield tag="650" ind1="0" ind2="0">
   <subfield code="a">Teachers -- </subfield>
   <subfield code="x">In-service training </subfield>
  </datafield>
  <datafield tag="650" ind1="0" ind2="0">
   <subfield code="a">Professional learning communities </subfield>
  </datafield>
  <datafield tag="700" ind1="1" ind2="1">
   <subfield code="a">Hall, </subfield>
   <subfield code="h">Lani Ritter </subfield>
  </datafield>
  <datafield tag="901" ind1=" " ind2=" ">
   <subfield code="u">www.solution-tree.com</subfield>
  </datafield>
 </record>
</collection>
